000 00558nam a2200181Ia 4500
008 090124s9999 xx 000 0 und d
082 _b5771
_a1365
100 _aसबनीस शां.अ.
245 _a महाराष्ट्र मेघदूत
250 _a1
260 _c1938
300 _a58
600 _aसबनीस शां.अ.
630 _a महाराष्ट्र मेघदूत
700 _aसबनीस शां.अ.
730 _a महाराष्ट्र मेघदूत
942 _cBOOK
999 _c119712
_d119712